000 00292nam a22001217a 4500
999 _c5066
_d5066
008 250516b ||||| |||| 00| 0 eng d
020 _a9781499483055
082 _a597.8 HOW
100 _aHOWELL,IZZI
_eAUTHOR
245 _aAMPHIBIANS
260 _aNEW YORK
_bWINDMILL BOOKS
_c2018
942 _2ddc